000 00660nam a2200253Ia 4500
008 171025s9999 xx 000 0 und d
020 _a789722569
050 _a5.72
050 _bM143 2000
100 _aMcFedries, Paul
245 4 _aThe complete idiot's guide to creating a web page /
245 _cby Paul McFedries.
250 _aFourth edition
260 _aUSA :
260 _bMacmillan,
260 _c2000
300 _a414 pages :
300 _billustrations ;
300 _c23cm.
500 _aIncludes glossary, appendix and index.
650 _aHTML (Document markup language).
650 _aWorld Wide Web.
700 _aTitle.
999 _c344443
_d344443